000 00342nam a22001457a 4500
008 210312b ||||| |||| 00| 0 eng d
020 _a0394335422
041 _aeng
080 _23rd
_a159.9
082 _a159.9
100 _a48
101 _aPSI
245 _aAn Introduction Physiological Psychology
_cSchneider, A. M
942 _2udc
_cBK
999 _c56478
_d56478